000 00532ntaaa2200205 4500
003 01
005 20251027202628.0
008 0714s1973 ag 01
040 _aAR-BaBN
_bspa
_cAR-BaBN
_eaacr
_dRIC
082 _a371.3000 L36
100 _aLaubach, Frank C
_99014
245 _aTeaching the world to read
250 _a1 ed.
260 _aNew York :
_bFriendship Press,
_cc1947
300 _a246 p
500 _aA handbook for literacy campaigns
650 _aalfabetización
_92115
650 _aenseƱanza
_92886
942 _cBK
999 _c21444
_d21444